World Christianity in the twentieth century : (Record no. 118694)
[ view plain ]
| 000 -LEADER | |
|---|---|
| fixed length control field | 01606cam a2200337Ia 4500 |
| 001 - CONTROL NUMBER | |
| control field | 6913094 |
| 003 - CONTROL NUMBER IDENTIFIER | |
| control field | ARRUPE |
| 005 - DATE AND TIME OF LATEST TRANSACTION | |
| control field | 20150115020005.0 |
| 008 - FIXED-LENGTH DATA ELEMENTS--GENERAL INFORMATION | |
| fixed length control field | 080425s2008 enk b 000 0 eng d |
| 020 ## - INTERNATIONAL STANDARD BOOK NUMBER | |
| International Standard Book Number | 0334040442 |
| 020 ## - INTERNATIONAL STANDARD BOOK NUMBER | |
| International Standard Book Number | 9780334040446 |
| 024 ## - OTHER STANDARD IDENTIFIER | |
| Standard number or code | 99821905323 |
| 035 ## - SYSTEM CONTROL NUMBER | |
| System control number | (OCoLC)ocn226303387 |
| 035 ## - SYSTEM CONTROL NUMBER | |
| System control number | (OCoLC)226303387 |
| 035 ## - SYSTEM CONTROL NUMBER | |
| System control number | (NNC)6913094 |
| 040 ## - CATALOGING SOURCE | |
| Original cataloging agency | YDXCP |
| Transcribing agency | YDXCP |
| Modifying agency | BTCTA |
| -- | BAKER |
| -- | ABF |
| -- | UAT |
| -- | BWK |
| -- | CVN |
| 050 #4 - LIBRARY OF CONGRESS CALL NUMBER | |
| Classification number | BR121.3 |
| Item number | .W67 2008 |
| 300 ## - PHYSICAL DESCRIPTION | |
| Dimensions | 24 cm. |
| 245 00 - TITLE STATEMENT | |
| Title | World Christianity in the twentieth century : |
| Remainder of title | a reader / |
| Statement of responsibility, etc | edited by Noel Davies and Martin Conway. |
| 246 34 - VARYING FORM OF TITLE | |
| Title proper/short title | World Christianity in the 20th century |
| 260 ## - PUBLICATION, DISTRIBUTION, ETC. (IMPRINT) | |
| Place of publication, distribution, etc | London : |
| Name of publisher, distributor, etc | SCM Press, |
| Date of publication, distribution, etc | 2008. |
| 300 ## - PHYSICAL DESCRIPTION | |
| Extent | xvi, 283 p. ; |
| 504 ## - BIBLIOGRAPHY, ETC. NOTE | |
| Bibliography, etc | Includes bibliographical references. |
| 505 0# - FORMATTED CONTENTS NOTE | |
| Formatted contents note | Christianity becomes a worldwide faith -- The Orthodox churches -- The Roman Catholic church -- The historic Protestant churches -- Pentecostalism -- The Middle East -- Africa : the twentieth century's great success story? -- South Asia : Bangladesh, India, Nepal, Pakistan and Sri Lanka -- East Asia and the Pacific -- Latin America and the Caribbean -- North America -- Europe : the odd one out? -- War and peace -- The response of faith to contemporary science -- The perspectives of women -- Christians and our neighbours of other world faiths. |
| 650 #0 - SUBJECT ADDED ENTRY--TOPICAL TERM | |
| Topical term or geographic name as entry element | Christianity |
| Chronological subdivision | 20th century. |
| 9 (RLIN) | 3899 |
| 650 #0 - SUBJECT ADDED ENTRY--TOPICAL TERM | |
| Topical term or geographic name as entry element | Christianity and other religions. |
| 9 (RLIN) | 3900 |
| 700 1# - ADDED ENTRY--PERSONAL NAME | |
| Personal name | Davies, Noel. |
| 9 (RLIN) | 3901 |
| 700 1# - ADDED ENTRY--PERSONAL NAME | |
| Personal name | Conway, Martin. |
| 9 (RLIN) | 3902 |
| 942 ## - ADDED ENTRY ELEMENTS (KOHA) | |
| Source of classification or shelving scheme | Library of Congress Classification |
| Koha item type | Monograph ( Printed materials) |
| Koha issues (borrowed), all copies | 1 |
| 948 1# - LOCAL PROCESSING INFORMATION (OCLC); SERIES PART DESIGNATOR (RLIN) | |
| Series part designator, SPT (RLIN) | 20090324 |
| b (OCLC) | c |
| c (OCLC) | vt2130 |
| d (OCLC) | MPS |
| Withdrawn status | Lost status | Source of classification or shelving scheme | Damaged status | Not for loan | Home library | Current library | Date acquired | Total Checkouts | Full call number | Barcode | Date last seen | Date checked out | Price effective from | Koha item type |
|---|---|---|---|---|---|---|---|---|---|---|---|---|---|---|
| Library of Congress Classification | ARRUPE LIBRARY | ARRUPE LIBRARY | 26/11/2013 | 2 | BR481.D256 2008 | 46410715 | 12/05/2022 | 04/05/2022 | 26/11/2013 | Monograph ( Printed materials) |